000 00711nam a2200229Ia 4500
001 8546
003 GE_BSU
008 181216s||||||||xx |||||||||||||| ||und||
040 _cGE_BSU
080 _a821.353.1-1
100 _aველიჯანაშვილი,ვლადიმერ.
245 _aმარადიული შთაგონება.
245 _bლექსები.
245 _cრედ:ეკა ჩიკაშუა.
260 _aთბილისი.
260 _bმერანი.
260 _c1991.
300 _a55გვ;15სმ.
653 _aლექსები.
653 _aმარადიული შთაგონება.
942 _cBK
999 _c41863
_d41863